[Event "Match"]
[Site "www.echecsemail.com"]
[Date "2016.09.02"]
[Round "1"]
[White "Darknight"]
[Black "Pariolinius"]
[WhiteElo "1690"]
[BlackElo "1790"]
[Result "1-0"]
[Round "1"]
1.e4 c5
2.Bf1c4 e6
3.d3 Nb8c6
4.c3 Ng8f6
5.Bc1g5 Bf8e7
6.h3 O-O
7.Nb1d2 d6
8.Ng1f3 Bc8d7
9.a3 h6
10.Bg5h4 Nf6h5
11.g3 Be7xh4
12.gxh4 Nh5f4
13.Rh1h2 e5
14.Qd1c2 Nf4xh3
15.O-O-O Nh3f4
16.Kb1 Nc6a5
17.Rd1e1 Na5xc4
18.Nd2xc4 Bd7b5
19.h5 Bb5c6
20.Re1g1 Qd8f6
21.Rh2h4 Bc6d7
22.Nc4e3 b5
23.Ne3f5 Bd7xf5
24.exf5 Qf6xf5
25.Nf3e1 Nf4xh5
26.Qc2e2 Nh5f4
27.Qe2f3 Qf5h7
28.Qf3h1 Nf4xd3
29.Rh4xh6 Nd3xf2
30.Rh6xh7 Nf2xh1
31.Rh7xg7 Kh8
32.Rg7g4 { resign }
1-0

[Event "Match"]
[Site "www.echecsemail.com"]
[Date "2016.09.02"]
[Round "1"]
[White "Krystek23"]
[Black "4m6az"]
[WhiteElo "2330"]
[BlackElo "1809"]
[Result "1-0"]
[Round "1"]
1.c4 e6
2.Nb1c3 Bf8c5
3.e3 Qd8f6
4.Ng1f3 d6
5.a3 Bc8d7
6.b4 Bc5b6
7.d4 Ng8e7
8.Bc1b2 c6
9.Nc3e4 Qf6f5
10.Ne4xd6 { resign }
1-0

[Event "Match"]
[Site "www.echecsemail.com"]
[Date "2016.09.02"]
[Round "1"]
[White "Sik"]
[Black "Fangshuo"]
[WhiteElo "1800"]
[BlackElo "2080"]
[Result "0-1"]
[Round "1"]
1.c4 e5
2.Nb1c3 Nb8c6
3.g3 g6
4.Bf1g2 Bf8g7
5.d3 Ng8e7
6.e4 O-O
7.Ng1e2 d6
8.O-O f5
9.f4 fxe4
10.Nc3xe4 Bc8g4
11.h3 Bg4xe2
12.Qd1xe2 Nc6d4
13.Qe2d2 exf4
14.Rf1xf4 Rf8xf4
15.gxf4 Ne7f5
16.Qd2f2 c6
17.Ra1b1 Nf5h4
18.Ne4xd6 Qd8xd6
19.Qf2xh4 Nd4e2
{ resign }
0-1

[Event "Fast Game"]
[Site "www.echecsemail.com"]
[Date "2016.09.02"]
[Round "1"]
[White "Romaamor69"]
[Black "Pwain"]
[WhiteElo "1939"]
[BlackElo "1879"]
[Result "1-0"]
[Round "1"]
1.c4 c5
2.g3 Ng8f6
3.Bf1g2 e6
4.Ng1f3 Nb8c6
5.Nb1c3 Qd8b6
6.d3 Bf8e7
7.O-O O-O
8.Bc1g5 h6
9.Nc3a4 Qb6a5
10.Bg5d2 Qa5c7
11.a3 b6
12.Ra1b1 Bc8b7
13.b4 cxb4
14.axb4 Ra8b8
15.b5 Nc6d8
16.e4 e5
17.Nf3xe5 { resign }
1-0

[Event "Tourn. n8946"]
[Site "www.chess-mail.com"]
[Date "2016.09.03"]
[Round "1"]
[White "Umutkrc"]
[Black "Redabond"]
[WhiteElo "1870"]
[BlackElo "1700"]
[Result "1-0"]
[Round "1"]
1.e3 d5
2.Bf1b5 Bc8d7
3.Bb5d3 Nb8c6
4.c3 Ng8f6
5.h3 e6
6.Bd3e2 Bf8c5
7.d4 Bc5d6
8.Nb1d2 O-O
9.c4 dxc4
10.Nd2xc4 Bd6b4
11.Bc1d2 Bb4xd2
12.Qd1xd2 Nf6e4
13.Qd2d3 Ne4f6
14.Ng1f3 b5
15.Nc4e5 Nc6xe5
16.Nf3xe5 c6
17.Be2d1 Qd8a5
18.Qd3c3 Qa5xc3
19.bxc3 Rf8d8
20.Bd1f3 Rd8c8
21.g4 h6
22.h4 c5
23.Bf3xa8 Rc8xa8
24.dxc5 Ra8d8
25.Ra1d1 Rd8c8
26.Ne5xd7 Nf6xg4
27.Rh1g1 h5
28.a4 Rc8c7
29.axb5 f6
30.Ke2 Kf7
31.c6 e5
32.Nd7c5 g6
33.Rd1d7 Rc7xd7
34.Nc5xd7 e4
35.c7 { resign }
1-0

[Event "Tourn. n8862"]
[Site "www.chess-mail.com"]
[Date "2016.09.03"]
[Round "1"]
[White "Orhany24"]
[Black "Vitoriccardo"]
[WhiteElo "2160"]
[BlackElo "2040"]
[Result "1-0"]
[Round "1"]
1.e4 e6
2.d4 d5
3.exd5 exd5
4.Ng1f3 Ng8f6
5.Bf1d3 Bc8g4
6.O-O Bf8e7
7.Rf1e1 O-O
8.Bc1g5 Nb8d7
9.h3 Bg4h5
10.Nb1d2 h6
11.Bg5h4 Rf8e8
12.c4 dxc4
13.Bd3xc4 Nd7b6
14.Bc4b3 Nf6d5
15.Bh4xe7 Re8xe7
16.a3 Qd8d7
17.Qd1c2 Ra8c8
18.Ra1c1 Rc8e8
19.Nf3e5 Qd7d6
20.Nd2f3 Bh5xf3
21.Ne5xf3 Re7xe1
22.Rc1xe1 Re8xe1
23.Nf3xe1 c6
24.Qc2e4 Nb6d7
25.Ne1f3 Nd7f6
26.Qe4h4 c5
27.dxc5 Qd6xc5
28.Qh4c4 Qc5xc4
29.Bb3xc4 Nd5b6
30.Bc4b3 Nf6d7
31.Nf3d4 a6
32.f4 g6
33.g4 Kg7
34.Kf2 Nd7c5
35.Bb3c2 Nb6d5
36.Kf3 Nd5e7
37.b4 Nc5d7
38.Bc2e4 b6
39.a4 Nd7f6
40.Be4b7 a5
41.bxa5 bxa5
42.Nd4b3 Nf6d5
43.Nb3xa5 Nd5c3
44.Na5c6 Ne7d5
45.a5 Nc3a4
46.a6 Na4b6
47.a7 Nd5c7
48.Ke4 Kf6
49.h4 Ke6
50.f5 Kf6
51.fxg6 fxg6
52.Nc6b4 Nc7b5
53.a8Q Nb6xa8
54.Bb7xa8 Nb5d6
55.Kf4 g5
56.hxg5 hxg5
57.Kf3 Ke5
58.Nb4d3 Kd4
59.Nd3f2 Nd6f7
60.Nf2e4 Nf7e5
61.Kg3 Ne5f7
62.Ne4d2 Nf7e5
63.Nd2f3 Ne5xf3
64.Kxf3 Kd3
65.Ba8e4 Kd4
66.Be4f5 Ke5
67.Ke3 Kd5
68.Kd3 Ke5
69.Kc4 Kd6
70.Kd4 Ke7
71.Ke5 Kf7
72.Bf5e4 { resign }
1-0

[Event "Tourn. n8775"]
[Site "www.chess-mail.com"]
[Date "2016.09.03"]
[Round "1"]
[White "Azulmarino"]
[Black "Daquata"]
[WhiteElo "1460"]
[BlackElo "1690"]
[Result "0-1"]
[Round "1"]
1.e4 e5
2.Ng1f3 Nb8c6
3.Nb1c3 Ng8f6
4.h3 Bf8c5
5.Bf1b5 d6
6.d3 O-O
7.Bc1g5 h6
8.Bg5h4 a6
9.Bb5c4 Nc6a5
10.Nc3d5 Na5xc4
11.Nd5xf6 gxf6
12.Qd1c1 Nc4b6
13.Qc1xh6 Nb6d7
14.Bh4g5 fxg5
15.Nf3xg5 Bc5xf2
16.Kxf2 Qd8f6
17.Qh6xf6 Nd7xf6
18.Rh1e1 Kg7
19.Re1e3 Rf8g8
20.Re3g3 Kf8
21.c4 Bc8d7
22.b3 Ke7
23.h4 Nf6h5
24.Rg3f3 Bd7e6
25.a4 Rg8g6
26.a5 Rg6f6
27.Ra1a4 Rf6xf3
28.Ng5xf3 Nh5f4
29.d4 Ra8g8
30.g3 Nf4h5
31.Ra4b4 Nh5xg3
32.Rb4xb7 Ng3xe4
33.Ke3 Ne4f6
34.dxe5 dxe5
35.Rb7xc7 Kd6
36.Rc7a7 Rg8g3
37.Ra7xa6 Kc5
38.Ra6b6 Be6g4
39.Kd3 Rg3xf3
40.Kd2 Nf6d7
41.Rb6b5 Kc6
42.Kc2 Bg4f5
43.Kb2 Nd7c5
44.Ka3 Bf5c2
45.Rb5b6 Kc7
46.Kb4 Nc5xb3
47.Kb5 Nb3d4
48.Kc5 Rf3b3
49.Rb6f6 Bc2g6
50.a6 Rb3a3
51.Rf6b6 Ra3a5
52.Rb6b5 Nd4xb5
53.cxb5 e4
54.Kb4 Kb6
55.Kc4 Ra5xb5
56.a7 Rb5a5
57.Kd4 Ra5xa7
58.Ke3 Ra7a3
59.Kf4 e3
{ resign }
0-1

[Event "Tourn. n8856"]
[Site "www.chess-mail.com"]
[Date "2016.09.03"]
[Round "1"]
[White "Asoka"]
[Black "Oroden"]
[WhiteElo "2700"]
[BlackElo "2269"]
[Result "1-0"]
[Round "1"]
1.c4 c5
2.Nb1c3 Ng8f6
3.Ng1f3 e6
4.e4 Nb8c6
5.d4 cxd4
6.Nf3xd4 Bf8b4
7.Nd4xc6 bxc6
8.Bf1d3 e5
9.O-O O-O
10.Bc1e3 d6
11.Qd1c1 Nf6g4
12.Be3g5 Ng4f6
13.Nc3a4 h6
14.Bg5h4 g5
15.Bh4g3 Nf6h5
16.c5 Nh5xg3
17.hxg3 Bc8g4
18.Qc1c2 Bb4xc5
19.Na4xc5 dxc5
20.Bd3c4 Ra8b8
21.b3  { time }
1-0

[Event "Tourn. n8913"]
[Site "www.chess-mail.com"]
[Date "2016.09.03"]
[Round "1"]
[White "Nulladies"]
[Black "Cal"]
[WhiteElo "1750"]
[BlackElo "1740"]
[Result "1-0"]
[Round "1"]
1.d4 d5
2.Bc1f4 f6
3.Ng1f3 Nb8c6
4.e3 h6
5.h3 a6
6.Bf1d3 Bc8e6
7.Nb1d2 g5
8.Bf4h2 Bf8g7
9.Bd3g6 Be6f7
10.Bg6xf7 Kxf7
11.h4 g4
12.Nf3g1 Qd8d7
13.f3 e6
14.fxg4 Ng8e7
15.Ng1f3 b5
16.h5 Nc6d8
17.Nd2b3 Nd8c6
18.Nb3c5 Qd7d6
19.Bh2xd6 cxd6
20.Nc5d3 Rh8f8
21.Nd3f4 e5
22.Nf4g6 Ne7xg6
23.hxg6 Kxg6
24.Nf3h4 Kh7
25.Nh4f5 e4
26.Nf5xg7 Kxg7
27.Qd1e2 Ra8e8
28.Kd2 Nc6e7
29.g3 Ne7g6
30.a4 f5
31.gxf5 Rf8xf5
32.Ra1f1 Rf5g5
33.g4 Re8b8
34.Rf1f5 Rg5xf5
35.gxf5 Ng6e7
36.Qe2g4 Kf8
37.Rh1xh6 Ke8
38.Rh6h8 Ne7g8
39.Rh8xg8 { resign }
1-0

[Event "Tourn. n8939"]
[Site "www.chess-mail.com"]
[Date "2016.09.03"]
[Round "1"]
[White "Amaya"]
[Black "Fabos12"]
[WhiteElo "2080"]
[BlackElo "2000"]
[Result "0-1"]
[Round "1"]
1.d4 d5
2.e3 g6
3.Bf1d3 Bf8g7
4.f4 Nb8c6
5.c3 e6
6.Ng1f3 Ng8e7
7.Nb1d2 f6
8.O-O e5
9.fxe5 fxe5
10.dxe5 Nc6xe5
11.Nf3xe5 Bg7xe5
12.Nd2f3 Be5d6
13.Nf3d4 c5
14.Nd4e2 Bc8d7
15.a3 Qd8c7
16.g3 O-O-O
17.b4 c4
18.Bd3c2 Bd7h3
19.Rf1f2 Rd8f8
20.Ne2f4 Bd6xf4
21.exf4 Ne7f5
22.Bc2xf5 Bh3xf5
23.Bc1e3 Bf5d3
24.Be3xa7 b6
25.Qd1a4 Kb7
26.Ba7xb6 Qc7xb6
27.Qa4d7 Kb8
28.Qd7xd5 Rf8d8
29.Qd5e5 Ka7
30.Qe5e7 Ka8
31.a4 Rh8e8
32.a5 Qb6xf2
33.Kxf2 Re8xe7
{ resign }
0-1

[Event "Tourn. n8912"]
[Site "www.chess-mail.com"]
[Date "2016.09.03"]
[Round "1"]
[White "Rons"]
[Black "Paaliaq"]
[WhiteElo "2500"]
[BlackElo "2580"]
[Result "1/2-1/2"]
[Round "1"]
1.e4 e5
2.Ng1f3 Nb8c6
3.Bf1b5 a6
4.Bb5a4 Ng8f6
5.O-O Bf8e7
6.Rf1e1 b5
7.Ba4b3 d6
8.c3 O-O
9.h3 Rf8e8
10.d4 Bc8b7
11.Nb1d2 Be7f8
12.a4 h6
13.Bb3c2 exd4
14.cxd4 Nc6b4
15.Bc2b1 c5
16.d5 g6
17.Nd2f1 Bf8g7
18.axb5 axb5
19.Ra1xa8 Qd8xa8
20.Bc1f4 Qa8a6
21.Qd1d2 g5
22.Bf4h2 Bb7c8
23.Re1e3 Bc8d7
24.Re3a3 Qa6b6
25.Nf1g3 Qb6c7
26.Kh1 Qc7b6
27.Kg1 Qb6c7
28.Kh1 Qc7b6
29.Kg1 
1/2-1/2

[Event "Match"]
[Site "www.echecsemail.com"]
[Date "2016.09.03"]
[Round "1"]
[White "Chapi"]
[Black "Sundar"]
[WhiteElo "2110"]
[BlackElo "2070"]
[Result "0-1"]
[Round "1"]
1.d4 d5
2.c4 c6
3.cxd5 cxd5
4.Nb1c3 e6
5.Ng1f3 Ng8f6
6.Bc1g5 Nb8d7
7.e3 Qd8b6
8.Qd1c2 Bf8b4
9.Bf1d3 h6
10.Bg5h4 g5
11.Bh4g3 Qb6a5
12.O-O Bb4xc3
13.bxc3 Nf6h5
14.Bg3d6 Qa5b6
15.Bd6a3 Qb6c7
16.c4 g4
17.Nf3d2 b6
18.cxd5 Qc7xc2
19.Bd3xc2 exd5
20.Nd2b1 Bc8a6
21.Rf1c1 Ra8c8
22.Bc2f5 Rc8xc1
23.Ba3xc1 Nd7f6
24.Bc1a3 Nh5g7
25.Bf5c2 Kd7
26.Nb1c3 Rh8c8
27.Ba3b4 Ba6c4
28.Bc2b3 a5
29.Bb3a4 Ke6
30.Bb4a3 Bc4d3
31.Ra1c1 Ng7f5
32.Nc3b5 Rc8xc1
33.Ba3xc1 Nf6e4
34.Bc1a3 Bd3xb5
35.Ba4xb5 Ne4c3
36.Bb5c6 Nc3xa2
37.g3 Na2c3
38.Kg2 b5
39.Ba3b2 b4
40.Bb2xc3 bxc3
41.Bc6a4 Nf5d6
42.Kf1 Nd6c4
43.Ke2 Nc4b2
44.Ba4b3 a4
45.Bb3c2 a3
46.Bc2b3 Kd6
47.Bb3a2 Kc6
48.Ke1 Nb2c4
49.Kd1 Kb5
50.Kc2 Kb4
51.Kc1 f6
52.Kc2 f5
53.Kc1 Nc4b2
54.Ba2xd5 Nb2c4
{ resign }
0-1

[Event "Match"]
[Site "www.echecsemail.com"]
[Date "2016.09.03"]
[Round "1"]
[White "Pinehill"]
[Black "Chapi"]
[WhiteElo "2020"]
[BlackElo "2110"]
[Result "1-0"]
[Round "1"]
1.e4 c5
2.Ng1f3 Nb8c6
3.d4 cxd4
4.Nf3xd4 g6
5.Nb1c3 Bf8g7
6.Bc1e3 Ng8f6
7.f4 d6
8.Bf1b5 Bc8d7
9.Qd1d2 O-O
10.O-O-O a6
11.Bb5xc6 bxc6
12.h3 c5
13.Nd4f3 Nf6xe4
14.Nc3xe4 Qd8b6
15.c3 a5
16.Ne4g5 Ra8b8
17.g4 h6
18.Ng5e4 Bd7c6
19.Rh1e1 Bc6xe4
20.Nf3h4 Be4d5
21.g5 Bd5xa2
22.gxh6 Bg7xh6
23.f5 Bh6xe3
24.Re1xe3 e5
25.fxe6 Ba2xe6
26.Nh4xg6 Rf8e8
27.Re3g3 fxg6
28.Rg3xg6 Kf8
29.Qd2h6 { resign }
1-0

[Event "Match"]
[Site "www.echecsemail.com"]
[Date "2016.09.03"]
[Round "1"]
[White "Coraza"]
[Black "Jjmcbride"]
[WhiteElo "1790"]
[BlackElo "1380"]
[Result "1-0"]
[Round "1"]
1.e4 g5
2.Bf1c4 e6
3.d4 c5
4.Ng1f3 Bf8g7
5.Bc1xg5 Ng8e7
6.dxc5 Bg7xb2
7.Nb1d2 Bb2xa1
8.Qd1xa1 Nb8c6
9.Qa1xh8 Ne7g8
10.Qh8xg8 
1-0

[Event "Match"]
[Site "www.echecsemail.com"]
[Date "2016.09.03"]
[Round "1"]
[White "Fredduc"]
[Black "Tomcapp"]
[WhiteElo "1529"]
[BlackElo "1530"]
[Result "1-0"]
[Round "1"]
1.d4 d5
2.Ng1f3 Nb8c6
3.e3 e6
4.b3 a6
5.c4 dxc4
6.bxc4 b5
7.cxb5 axb5
8.Bf1xb5 Bf8d6
9.Bb5xc6 Bc8d7
10.Bc6xa8 Qd8xa8
11.O-O Ng8f6
12.Nb1c3 c6
13.a4 Bd6b4
14.Qd1b3 Bb4xc3
15.Qb3xc3 O-O
16.Nf3e5 Bd7c8
17.Bc1a3 Rf8d8
18.Qc3xc6 Bc8b7
19.Qc6c7 Kh8
20.Ne5xf7 Kg8
21.Nf7xd8 Bb7xg2
22.Qc7f7 Kh8
23.Qf7f8 Nf6g8
24.Nd8f7 
1-0

[Event "Match"]
[Site "www.echecsemail.com"]
[Date "2016.09.03"]
[Round "1"]
[White "Ejner"]
[Black "Tartan"]
[WhiteElo "2380"]
[BlackElo "2330"]
[Result "0-1"]
[Round "1"]
1.Ng1f3 Ng8f6
2.g3 g6
3.Bf1g2 Bf8g7
4.c4 O-O
5.Nb1c3 d5
6.cxd5 Nf6xd5
7.O-O Nb8c6
8.Nc3xd5 Qd8xd5
9.d3 Qd5b5
10.Ra1b1 Bc8e6
11.b3 Qb5a6
12.a3 Ra8d8
13.Qd1c2 Be6d5
14.Bc1b2 e5
15.b4 Qa6b6
16.Rf1c1 Rf8e8
17.Nf3d2 Bd5xg2
18.Kxg2 Re8e7
19.Nd2c4 Qb6b5
20.e4 Nc6d4
21.Bb2xd4 Rd8xd4
22.a4 Qb5d7
23.Nc4a5 Rd4xd3
24.Na5xb7 Qd7d4
25.Qc2c4 Rd3d2
26.Qc4xd4 exd4
27.Nb7c5 f5
28.Rc1e1 d3
29.exf5 Re7xe1
30.Rb1xe1 Bg7d4
31.Re1f1 Bd4xc5
32.bxc5 gxf5
33.Kf3 Kf7
34.Ke3 Rd2c2
35.Kxd3 Rc2xc5
36.Rf1b1 Ke6
37.Rb1b4 Kf6
38.Rb4c4 Rc5d5
39.Kc3 c5
40.Rc4h4 Kg6
41.Kc4 Rd5d2
42.Rh4f4 Rd2c2
43.Kb5 c4
44.a5 c3
45.Rf4c4 Rc2xf2
46.Rc4xc3 Rf2xh2
47.Ka6 Rh2a2
48.Rc3c5 Ra2a3
49.Kxa7 Ra3xg3
{ resign }
0-1

[Event "1/16 Finale"]
[Site "www.chess-mail.com"]
[Date "2016.09.03"]
[Round "1"]
[White "Bevittsmith"]
[Black "Asoka"]
[WhiteElo "2270"]
[BlackElo "2710"]
[Result "0-1"]
[Round "1"]
1.e4 c5
2.Ng1f3 d6
3.d4 cxd4
4.Nf3xd4 Ng8f6
5.Nb1c3 a6
6.Bf1e2 e5
7.Nd4b3 Bf8e7
8.Bc1e3 O-O
9.g4 Bc8e6
10.g5 Nf6d7
11.h4 a5
12.Qd1d2 a4
13.Nb3c1 f6
14.Nc1d3 Nb8c6
15.f4 Nd7b6
16.Nd3f2 exf4
17.Be3xf4 fxg5
18.hxg5 Ra8a5
19.Nf2h3 d5
20.O-O-O a3
{ resign }
0-1

[Event "Fast Game"]
[Site "www.echecsemail.com"]
[Date "2016.09.03"]
[Round "1"]
[White "Attatroll"]
[Black "Fkarpov"]
[WhiteElo "1860"]
[BlackElo "1920"]
[Result "0-1"]
[Round "1"]
1.e4 c5
2.Nb1c3 e6
3.g4 Bf8e7
4.Bf1g2 d6
5.h3 Ng8f6
6.g5 Nf6d7
7.f4 O-O
8.d3 e5
9.h4 f6
10.Ng1f3 exf4
11.Bc1xf4 fxg5
12.hxg5 Rf8xf4
13.Nc3d5 Be7xg5
14.Nf3xg5 Qd8xg5
15.Qd1e2 Qg5g3
16.Kd1 Rf4f2
17.Qe2e1 Qg3xg2
18.Nd5e7 Kf8
19.Ne7xc8 Nb8a6
20.Nc8xd6 Na6b4
21.Rh1g1 Qg2f3
22.Kc1 Rf2xc2
23.Kb1 Qf3xd3
24.Qe1f1 Rc2f2
25.Qf1xd3 Nb4xd3
26.b3 Rf2b2

0-1

[Event "Tourn. n8883"]
[Site "www.chess-mail.com"]
[Date "2016.09.04"]
[Round "1"]
[White "Cal"]
[Black "Falcoale"]
[WhiteElo "1670"]
[BlackElo "1490"]
[Result "1-0"]
[Round "1"]
1.c4 Ng8f6
2.d4 e6
3.Nb1c3 b6
4.Bc1g5 h6
5.Bg5h4 Bf8e7
6.Ng1f3 Bc8b7
7.e3 O-O
8.Bf1d3 d5
9.cxd5 exd5
10.Nf3e5 Nb8d7
11.Qd1f3 c5
12.O-O c4
13.Bd3c2 a6
14.a4 Nd7xe5
15.dxe5 Nf6d7
16.Bh4xe7 Qd8xe7
17.Qf3f5 g6
18.Qf5f4 Kh7
19.Nc3e2 Nd7xe5
20.Ne2g3 Ne5d3
21.Bc2xd3 cxd3
22.Qf4d4 Qe7d6
23.Qd4xd3 Ra8d8
24.f4 d4
25.e4 Rf8e8
26.Ra1e1 Qd6b4
27.b3 Rd8c8
28.e5 Rc8c3
29.Qd3d2 Qb4xb3
30.Qd2xd4 Rc3c2
31.Ng3e2 Rc2c4
32.Qd4d7 Rc4c8
33.Ne2d4 Bb7c6
34.Nd4xc6 b5
35.f5 bxa4
36.fxg6 Kxg6
37.Rf1f6 Kg7
38.Qd7g4 Kf8
39.Nc6d4 Qb3b6
40.Kh1 Rc8c4
41.Rf6xb6 { resign }
1-0

[Event "Tourn. n8941"]
[Site "www.chess-mail.com"]
[Date "2016.09.04"]
[Round "1"]
[White "Xkafi"]
[Black "Libiesse"]
[WhiteElo "1880"]
[BlackElo "1970"]
[Result "1-0"]
[Round "1"]
1.e4 c5
2.Bf1b5 a6
3.Bb5c4 b5
4.Bc4d5 Ra8a7
5.a3 e6
6.Bd5a2 Bc8b7
7.d3 Qd8c7
8.Ng1h3 Ng8f6
9.Bc1e3 Nb8c6
10.Nb1d2 Bf8e7
11.Nd2b3 O-O
12.Nb3xc5 { resign }
1-0

[Event "Tourn. n8950"]
[Site "www.chess-mail.com"]
[Date "2016.09.04"]
[Round "1"]
[White "4m6az"]
[Black "Bojan"]
[WhiteElo "1839"]
[BlackElo "1910"]
[Result "1-0"]
[Round "1"]
1.c4 c6
2.e4 e5
3.d4 exd4
4.Qd1xd4 Qd8f6
5.Bc1e3 Bf8b4
6.Nb1c3 Qf6g6
7.Ng1f3 f6
8.Nf3h4 Qg6f7
9.Bf1e2 b6
10.a3 Bb4e7
11.Nh4f5 Be7c5
12.Qd4d3 Bc5xe3
13.Nf5d6 Ke7
14.Nd6xf7 Be3xf2
15.Kxf2 Kxf7
16.Qd3d6 Ng8e7
17.Be2g4 h5
18.Bg4e2 Rh8h6
19.Ra1d1 Ne7g8
20.h4 f5
21.Qd6f4 Ng8e7
22.e5 Ne7g6
23.Qf4xf5 Kg8
24.Be2xh5 d5
25.Qf5g5 Kh7
26.cxd5 Nb8d7
27.dxc6 Nd7xe5
28.Bh5xg6 Ne5xg6
29.Rd1d8 a5
30.Nc3d5 b5
31.Rh1e1 Ng6h8
32.Re1e7 Rh6g6
33.Rd8xh8 { resign }
1-0

[Event "Tourn. n8901"]
[Site "www.chess-mail.com"]
[Date "2016.09.04"]
[Round "1"]
[White "Ffdd65"]
[Black "Foxy100"]
[WhiteElo "2230"]
[BlackElo "2010"]
[Result "0-1"]
[Round "1"]
1.e4 Nb8c6
2.d4 d6
3.d5 Nc6e5
4.Bf1e2 c6
5.c4 Ng8f6
6.Nb1c3 g6
7.Ng1f3 Ne5xf3
8.Be2xf3 Nf6d7
9.b3 Bf8g7
10.Bc1b2 O-O
11.Qd1e2 Qd8b6
12.Nc3a4 Qb6b4
13.Qe2d2 Qb4xd2
14.Kxd2 Nd7e5
15.Bb2xe5 Bg7xe5
16.Ra1c1 Be5f4
17.Kd3 Bf4xc1
18.Rh1xc1 Bc8d7
19.Na4c3 f6
20.Bf3e2 g5
21.g4 cxd5
22.Nc3xd5 Kf7
23.f3 Rf8h8
24.Rc1h1 h5
25.h3 hxg4
26.fxg4 Rh8h4
27.Nd5e3 Ra8h8
28.Be2f1 Bd7xg4
29.Ne3xg4 Rh4xg4
30.Rh1h2 Rg4g3
31.Ke2 Rh8h4
32.Bf1g2 g4
33.Kf2 Rg3c3
{ resign }
0-1

[Event "Tourn. n8857"]
[Site "www.chess-mail.com"]
[Date "2016.09.04"]
[Round "1"]
[White "Libiesse"]
[Black "Julian"]
[WhiteElo "1990"]
[BlackElo "2050"]
[Result "1-0"]
[Round "1"]
1.d4 d5
2.c4 e6
3.Ng1f3 c6
4.cxd5 exd5
5.Nb1c3 Ng8f6
6.Bc1g5 Bf8e7
7.e3 O-O
8.Bf1e2 Bc8f5
9.O-O Nb8d7
10.a3 Nf6e4
11.Bg5xe7 Qd8xe7
12.Nf3d2 Nd7f6
13.Ra1c1 Ne4xc3
14.Rc1xc3 Nf6e4
15.Nd2xe4 dxe4
16.Rc3c5 Bf5g6
17.Rc5e5 Qe7f6
18.f3 Rf8e8
19.Re5xe8 Ra8xe8
20.fxe4 Qf6g5
21.Qd1b3 Qg5e7
22.e5 h6
23.Be2d3 Bg6xd3
24.Qb3xd3 Re8d8
25.Qd3b3 Rd8d5
26.Rf1f2 a5
27.Qb3c3 f6
28.exf6 gxf6
29.Qc3d3 Kg7
30.Rf2f3 Rd5g5
31.Kf2 b5
32.Qd3c3 Qe7e4
33.Rf3g3 Kg6
34.Rg3xg5 fxg5
35.Qc3c5 Qe4d5
36.Qc5xd5 cxd5
37.Kf3 Kf5
38.g4 Kg6
39.h3 h5
40.b3 h4
41.e4 Kf6
42.exd5 b4
43.axb4 axb4
44.Ke4 { resign }
1-0

[Event "Tourn. n8915"]
[Site "www.chess-mail.com"]
[Date "2016.09.04"]
[Round "1"]
[White "Falcoale"]
[Black "Passaroa25"]
[WhiteElo "1500"]
[BlackElo "1550"]
[Result "1-0"]
[Round "1"]
1.e4 c6
2.d4 d6
3.Ng1f3 f6
4.Bf1c4 e6
5.O-O Bc8d7
6.Rf1e1 Ng8e7
7.Nb1c3 Ne7g6
8.e5 dxe5
9.dxe5 Bf8e7
10.exf6 gxf6
11.Bc4xe6 Ng6f8
12.Be6xd7 Nb8xd7
13.Nc3e4 Nf8g6
14.Ne4d6 Kf8
15.Nd6xb7 Qd8b6
16.Bc1h6 Kf7
17.Qd1xd7 Rh8e8
18.Nb7d6 Kg8
19.Nd6xe8 Qb6xb2
20.Ra1b1 Qb2xc2
21.Qd7e6 Kh8
22.Bh6g7 
1-0

[Event "Tourn. n8886"]
[Site "www.chess-mail.com"]
[Date "2016.09.04"]
[Round "1"]
[White "Esperanza"]
[Black "Sportuga"]
[WhiteElo "2160"]
[BlackElo "2029"]
[Result "0-1"]
[Round "1"]
1.e4 c6
2.d3 d5
3.Nb1d2 Qd8c7
4.Ng1f3 Bc8g4
5.g3 Ng8f6
6.Bf1g2 e6
7.O-O Bf8e7
8.Rf1e1 O-O
9.e5 Nf6d7
10.h3 Bg4h5
11.g4 Bh5g6
 { time }
0-1

[Event "Tourn. n8886"]
[Site "www.chess-mail.com"]
[Date "2016.09.04"]
[Round "1"]
[White "Sportuga"]
[Black "Bira47"]
[WhiteElo "2029"]
[BlackElo "2000"]
[Result "1/2-1/2"]
[Round "1"]
1.e4 c5
2.g3 e6
3.Bf1g2 Nb8c6
4.d3 h6
5.Ng1e2 a6
6.O-O b5
7.c3 Bc8b7
8.Bc1e3 Ng8f6
9.h3 Bf8e7
10.f4 O-O
11.Nb1d2 d5
12.e5 Nf6d7
13.a3 f6
14.d4 c4
15.exf6 Be7xf6
16.Nd2f3 Nc6e7
17.Qd1c2 Ne7f5
18.Be3f2 Qd8c7
19.Nf3e5 Nd7xe5
20.fxe5 Bf6g5
21.h4 Nf5e3
22.Bf2xe3 Bg5xe3
23.Kh2 Rf8xf1
24.Ra1xf1 Ra8f8
25.Rf1xf8 Kxf8
26.Qc2g6 Qc7f7
27.Qg6xf7 Kxf7
28.Bg2f3 Bb7c8
29.Kg2 g5
30.h5 a5
31.Kf1 { draw }
1/2-1/2

[Event "Match"]
[Site "www.echecsemail.com"]
[Date "2016.09.04"]
[Round "1"]
[White "Leochessnut"]
[Black "Pariolinius"]
[WhiteElo "1499"]
[BlackElo "1790"]
[Result "1-0"]
[Round "1"]
1.d4 Ng8f6
2.Ng1f3 d5
3.c4 g6
4.Nb1c3 Bf8g7
5.Bc1g5 O-O
6.Bg5xf6 Bg7xf6
7.cxd5 Nb8d7
8.e4 Bf6g7
9.Bf1e2 a6
10.O-O b5
11.Qd1b3 Bc8b7
12.a4 Ra8b8
13.axb5 axb5
14.Be2xb5 Nd7b6
15.Bb5a6 Bb7a8
16.Qb3c2 Qd8d6
17.Nc3b5 Qd6d7
18.Nb5xc7 Ba8b7
19.Ra1a5 Rf8c8
20.Ra5c5 Bg7f8
21.Nf3e5 Qd7d8
22.Rf1a1 e6
23.dxe6 Bf8xc5
24.exf7 Kg7
25.Nc7e6 { resign }
1-0

[Event "Match"]
[Site "www.echecsemail.com"]
[Date "2016.09.04"]
[Round "1"]
[White "Fangshuo"]
[Black "Sonny1000"]
[WhiteElo "2090"]
[BlackElo "1410"]
[Result "1-0"]
[Round "1"]
1.e4 e5
2.Ng1f3 Qd8f6
3.Nb1c3 Nb8c6
4.Bf1c4 Nc6a5
5.Nc3d5 Qf6c6
6.Nf3xe5 Qc6c5
7.d4 Qc5d6
8.Qd1h5 g6
9.Qh5f3 Na5xc4
10.Qf3xf7 Kd8
11.Ne5xc4 Qd6c6
12.Qf7xf8 
1-0

[Event "Match"]
[Site "www.echecsemail.com"]
[Date "2016.09.04"]
[Round "1"]
[White "Mrmoto"]
[Black "Leochessnut"]
[WhiteElo "1640"]
[BlackElo "1499"]
[Result "0-1"]
[Round "1"]
1.d4 Ng8f6
2.c4 e6
3.Bc1g5 d5
4.e3 Bf8b4
5.Nb1c3 c5
6.Qd1b3 Bb4xc3
7.bxc3 cxd4
8.exd4 Nb8c6
9.Ng1f3 O-O
10.Bf1d3 Nc6a5
11.Qb3c2 h6
12.Bg5h4 Na5xc4
13.O-O Bc8d7
14.Nf3e5 Nc4xe5
15.Bd3e2 Ne5g6
16.Bh4g3 Nf6e4
17.Bg3e5 Ng6xe5
18.dxe5 Qd8c7
19.f3 Ne4xc3
20.Be2d3 Qc7xe5
21.Ra1e1 Qe5d4
22.Kh1 Ra8c8
23.a3 f5
{ resign }
0-1

[Event "Match"]
[Site "www.echecsemail.com"]
[Date "2016.09.04"]
[Round "1"]
[White "4m6az"]
[Black "Umutkrc"]
[WhiteElo "1839"]
[BlackElo "1870"]
[Result "1-0"]
[Round "1"]
1.e4 e6
2.Qd1e2 d5
3.Nb1c3 d4
4.Nc3b5 c6
5.Nb5a3 e5
6.b3 h6
7.c3 Ng8f6
8.cxd4 Qd8xd4
9.Ra1b1 Qd4xe4
10.Ng1f3 Qe4xe2
11.Bf1xe2 Nf6d7
12.Na3c4 f6
13.Nf3h4 Bf8c5
14.Nh4g6 Rh8g8
15.Be2h5 Kd8
16.O-O Nd7f8
17.Ng6xe5 fxe5
18.Nc4xe5 g6
19.Bh5f3 Nb8d7
20.Ne5f7 Kc7
21.Nf7xh6 Rg8h8
22.Nh6f7 Rh8h7
23.Nf7g5 Rh7e7
24.Bc1b2 Bc5d6
25.d4 Nf8h7
26.Ng5e4 Bd6f4
27.Bb2a3 Re7f7
28.g3 Bf4g5
29.Bf3g2 Nh7f6
30.Ne4xg5 Nf6e4
31.Bg2xe4 Nd7f6
32.Ng5xf7 Nf6xe4
33.Rf1e1 Ne4d2
34.Re1e7 Bc8d7
35.Rb1b2 Nd2f3
36.Kh1 Ra8e8
37.Re7xe8 Bd7xe8
38.Nf7e5 Nf3xd4
39.Rb2d2 Nd4b5
40.Ba3b2 a5
41.a4 Nb5a7
42.Bb2d4 b6
43.Rd2e2 c5
44.Bd4e3 Na7c6
45.Ne5c4 Nc6d4
46.Be3f4 { resign }
1-0

[Event "Match"]
[Site "www.echecsemail.com"]
[Date "2016.09.04"]
[Round "1"]
[White "Sonny1000"]
[Black "Nulladies"]
[WhiteElo "1410"]
[BlackElo "1820"]
[Result "0-1"]
[Round "1"]
1.e4 c5
2.c4 Nb8c6
3.Nb1a3 g6
4.b3 Bf8g7
5.Ra1b1 Nc6b4
6.Ng1f3 Nb4xa2
7.Qd1c2 Na2b4
8.Qc2a2 Nb4xa2
{ resign }
0-1

[Event "Match"]
[Site "www.echecsemail.com"]
[Date "2016.09.04"]
[Round "1"]
[White "Fabos12"]
[Black "Gimmyg"]
[WhiteElo "1950"]
[BlackElo "2520"]
[Result "0-1"]
[Round "1"]
1.d4 Ng8f6
2.c4 g6
3.Nb1c3 Bf8g7
4.Ng1f3 O-O
5.e4 d6
6.Bf1d3 Bc8g4
7.Bc1g5 Nb8d7
8.h3 Bg4xf3
9.gxf3 e5
10.dxe5 dxe5
11.f4 exf4
12.Bg5xf4 Nd7c5
13.Bd3c2 Nf6xe4
14.Nc3xe4 Nc5xe4
15.Bc2xe4 Qd8e7
16.Qd1c2 Ra8e8
17.f3 f5
18.O-O-O fxe4
19.Bf4g3 Qe7g5
20.f4 Qg5xg3
21.Rd1f1 Rf8xf4
22.Rf1xf4 Qg3xf4
23.Kb1 e3
24.Qc2e2 Qf4e4
{ resign }
0-1

[Event "1/64 Finale"]
[Site "www.chess-mail.com"]
[Date "2016.09.04"]
[Round "1"]
[White "Sportuga"]
[Black "Osopanda"]
[WhiteElo "1949"]
[BlackElo "1970"]
[Result "1-0"]
[Round "1"]
1.e4 c5
2.Ng1f3 Nb8c6
3.d4 cxd4
4.Nf3xd4 d6
5.c4 Ng8f6
6.Nb1c3 a6
7.Bf1e2 g6
8.Bc1e3 Bf8g7
9.Nd4xc6 bxc6
10.O-O O-O
11.h3 Qd8c7
12.Be2f3 e5
13.Qd1d2 Bc8e6
14.b3 Rf8d8
15.Ra1d1 Ra8c8
16.Be3h6 d5
17.Bh6xg7 Kxg7
18.exd5 cxd5
19.cxd5 Be6d7
20.Nc3e2 Bd7b5
21.Rd1c1 Qc7d6
22.Rc1xc8 Rd8xc8
23.Rf1d1 e4
24.Bf3g4 Nf6xg4
25.hxg4 Bb5xe2
26.Qd2xe2 Rc8e8
27.Qe2b2 f6
28.g5 Re8e5
29.gxf6 Kxf6
30.Qb2d4 Kf7
31.Qd4c4 Kf6
32.Rd1d4 Qd6a3
33.Rd4xe4 Re5xe4
34.Qc4xe4 Qa3c1
35.Kh2 Qc1h6
36.Kg3 Qh6d2
37.Qe4f4 Qd2xf4
38.Kxf4 h6
39.b4 Ke7
40.Ke5 Kd7
41.a4 Ke7
42.b5 axb5
43.axb5 Kd7
44.f4 { resign }
1-0